Sưu tầm hiện vật bảo tàng trong kinh tế thị trường /

Bewaard in:
Bibliografische gegevens
Hoofdauteur: Nguyễn Thu Ba.
Formaat: Artikel
Taal:Vietnamese
Onderwerpen:
Tags: Voeg label toe
Geen labels, Wees de eerste die dit record labelt!
Thư viện lưu trữ: Thư viện Trường Đại học Đà Lạt
LEADER 00823nam a2200277 4500
001 DLU090080185
005 ##20090619
040 # # |a DLU  |b vie 
041 # # |a vie 
044 # # |a vn 
100 # # |a Nguyễn Thu Ba. 
245 # # |a Sưu tầm hiện vật bảo tàng trong kinh tế thị trường /  |c Nguyễn Thu Ba. 
653 # # |a Hiện vật 
653 # # |a Kinh tế thị trường 
653 # # |a Sưu tầm 
653 # # |a Viện Bảo tàng Cách mạng Việt Nam 
773 # # |t Văn hoá Nghệ thuật  |g Số 1(175), 1999, tr. 24-26 
920 # # |a Phòng Tạp chí -- Trung tâm Thông tin - Thư viện Trường Đại học Đà Lạt 
994 # # |a DLU 
900 # # |a True 
911 # # |a Đào Thị Thu Huyền 
925 # # |a G 
926 # # |a A 
927 # # |a BB 
980 # # |a Thư viện Trường Đại học Đà Lạt